000349234 001__ 349234
000349234 005__ 20240220173314.0
000349234 0247_ $$aG:(GEPRIS)533861617$$d533861617
000349234 035__ $$aG:(GEPRIS)533861617
000349234 040__ $$aGEPRIS$$chttp://gepris.its.kfa-juelich.de
000349234 150__ $$aKontrolle von abnormalen TDP-43-Phasenübergängen durch die selektive Autophagie-Maschinerie (F04*)$$y2024 -
000349234 371__ $$aProfessorin Dr. Dorothee Dormann
000349234 371__ $$aProfessor Dr. Gerhard Hummer
000349234 450__ $$aSFB 1177 F04$$wd$$y2024 -
000349234 5101_ $$0I:(DE-588b)2007744-0$$aDeutsche Forschungsgemeinschaft$$bDFG
000349234 550__ $$0G:(GEPRIS)259130777$$aSFB 1177: Molekulare und funktionale Charakterisierung der selektiven Autophagie$$wt
000349234 680__ $$aDie Bildung von TDP-43 (TAR-DNA-bindendes Protein von 43 kDa)-Aggregaten bei amyotropher Lateralsklerose (ALS) und frontotemporaler Demenz (FTD) könnten durch aberrante Phasenübergänge verursacht werden. Durch Kombination von in vitro, zellulären und computergestützten Studien werden wir erforschen, wie die selektive Autophagie-Maschinerie unterschiedliche TDP-43-Kondensate erkennt und behandelt (von flüssigen zu festeren Formen) und wie aberrante TDP-43-Kondensate und andere Proteinaggregate den autophagischen Fluss beeinflussen.
000349234 909CO $$ooai:juser.fz-juelich.de:1022823$$pauthority$$pauthority:GRANT
000349234 909CO $$ooai:juser.fz-juelich.de:1022823
000349234 980__ $$aG
000349234 980__ $$aAUTHORITY